Statistiques concernant Pokémon de type Poison uniquement

Cliquez ici pour prendre le quiz!

Statistiques générales

  • Ce quiz a été pris 26 fois
  • Le résultat moyen est 13 sur 16

Statistiques - réponses

HintRéponse% Correct
n° 023Abo
96%
n° 024Arbok
96%
n° 109Smogo
96%
n° 110Smogogo
96%
n° 089Grotadmorv
92%
n° 088Tadmorv
92%
n° 569Miasmax
84%
n° 568Miamiasme
80%
n° 029Nidoran ♀
80%
n° 032Nidoran ♂
80%
n° 030Nidorina
80%
n° 033Nidorino
80%
n° 317Avaltout
72%
n° 316Gloupti
72%
n° 336Seviper
68%
n° 803Vemini
56%

Distribution des résultats

Percentile par nombre de réponses

% des personnes avec chaque résultat

Votre développement - résultats

Vous n’avez pas pris ce quiz